00724nam a2200193 i 450000100060000000300090000600500170001500700030003200800410003510000340007624501140011026000480022430000220027270000330029470000320032785200320035999900170039195201220040880968ES-MaACL20230906174335.0t|041102s1965 xxu ||||1| eng d1 aHowells, William Dean.96440814aThe rise of Silas Lapham / cWilliam Dean Howells ; with a new introduction by Rudolf and Clara Marburg Kirk. aNew York : bCrowell-Collier Pub., c[1965] a320 p. ; c18 cm.1 aMarburg Kirk, Rudolf.9763431 aMarburg Kirk, Clara.976342 aES-MaACLjC-36301 bR.66135 c80968d80968 00104070aATENEOMbATENEOMcDEPO2d2008-01-17eSCl0oC-36301p1084645r2023-02-23 00:00:00w2023-02-23yMONOGRAFIA